Türkan sultan'a armağan (Record no. 5143)

MARC details
000 -BAŞLIK
Sabit Uzunlukta Kontrol Alanı 00911na a2200289 4500
001 - KONTROL NUMARASI
Denetim Alanı 16026
003 - KONTROL NUMARASI IDENTIFIER
Denetim Alanı MIRAKIL
005 - SON İŞLEM TARİHİ VE ZAMANI
Denetim Alanı 20181213155029.0
008 - SABİT-BOY VERİ ELEMANLARI - GENEL BİLGİLER
Sabit Uzunlukta Kontrol Alanı 161013b tu 000 0
020 ## - ULUSLARARASI STANDART KİTAP NUMARASI
Uluslararası Standart Kitap Numarası 9786051067469
035 ## - SİSTEM KONTROL NUMARASI
Sistem Kontrol Numarası 16026
040 ## - KATALOGLAMA KAYNAK
Orijinal Kataloglama Ajansı Milas
Kataloglama Dili tur
Metne Dönüştürmek Ajansı TR-AnCHP
041 ## - DİL KODU
Metin / Ses Parça Veya Ayrı Başlığın Dil Kodu tur
082 ## - DEWEY ONLU SINIFLANDIRMA NUMARASI
Sınıflandırma Numarası 927 Şoray,T
Ürün Numarası T96 2013
090 ## - SINIFLAMA NUMARASI
Sınıflama Numarası 927 Şoray,T T96 2013
245 ## - BAŞLIK TABLOSU
Başlık Türkan sultan'a armağan
Sorumluluk Tablosu, Vb Fotoğraflar Atilla Dorsay ; Yazılar Türker İnanoğlu ...[ve öte.] ; Genel Yayın Yönetmeni M. Faruk Bayrak
260 ## - YAYIN, DAĞITIM, VB
Yayın, Dağıtım, Vb Yeri İstanbul
Yayıncı, Dağıtıcı, Vs Adı Alfa
Yayın, Dağıtım, Vb Tarihi 2013
300 ## - FİZİKSEL TANIM
Kapsam 136 s.
Diğer Fiziksel Ayrıntıları ftg.
Boyutlar 23 sm.
500 ## - GENEL NOT
Genel Not Yapıt yazarından imzalıdır
600 ## - KONU KATMA GİRİŞ - KURUMSAL ADI
Kişisel Ad Şoray, Türkan
Genel Alt Bölümü Armağan kitaplar
650 ## - KONU KATMA GİRİŞ - TOPİKAL DÖNEM
Topikal Süreli Veya Coğrafi Ad Giriş Elemanı Sinema oyuncuları
Genel Alt Bölümü Yaşamöyküsü
Coğrafi Alt Bölümü Türkiye
650 ## - KONU KATMA GİRİŞ - TOPİKAL DÖNEM
Topikal Süreli Veya Coğrafi Ad Giriş Elemanı Türk sanatçılar
700 ## - KATMA GİRİŞ - KİŞİSEL İSİM
Kişisel Ad Bayrak, M. Faruk
700 ## - KATMA GİRİŞ - KİŞİSEL İSİM
Kişisel Ad İnanoğlu, Türker
700 ## - KATMA GİRİŞ - KİŞİSEL İSİM
Kişisel Ad Dorsay, Atilla
942 ## - EKLENDİ GİRİŞ ELEMANLARI (KOHA)
Sınıflandırma Veya Raf Düzeni Kaynak
Koha Öğesi Türü Books
999 ## - SİSTEM KONTROL NUMARALARI (KOHA)
Koha Biblionumber 5143
Koha Biblioitemnumber 5143
Holdings
Kalıcı Konum Mevcut Konum Edinme Tarihi Edinim Kaynak Toplam Check-Out'Lar Tam Çağrı Numarası Barkod Tarih Son Görülme İtibaren Geçerli Fiyatlar Koha Öğesi Türü
CHP Kütüphanesi CHP Kütüphanesi 09/28/2016 Bağış   927 Şoray,T T96 2013 004631 09/28/2016 09/28/2016 Books